Statistics for Countries by Border Pairs

Click here to take the quiz!

General Stats

  • This quiz has been taken 59 times
  • The average score is 18 of 20

Answer Stats

hintcountry% Correct
France, PolandGermany
100%
Norway, SwedenFinland
98%
Austria, RomaniaHungary
95%
China, NepalIndia
95%
Afghanistan, TurkeyIran
95%
Bulgaria, MoldovaRomania
95%
France, ItalySwitzerland
95%
Colombia, VenezuelaBrazil
93%
Bangladesh, LaosMyanmar
93%
France, SpainAndorra
91%
Czechia, RussiaPoland
91%
Jordan, YemenSaudi Arabia
91%
Chile, PeruBolivia
85%
Chad, EritreaSudan
85%
Niger, SenegalMali
84%
Kazakhstan, TurkmenistanUzbekistan
82%
Albania, GreeceMacedonia
80%
Equatorial Guinea, GabonCameroon
78%
Benin, Côte d'Ivoire Burkina Faso
73%
Namibia, TanzaniaZambia
73%

Score Distribution

Percentile by Number Answered

Percent of People with Each Score

Your Score History

You have not taken this quiz